| 000 | 00477nam a2200169Ia 4500 | ||
|---|---|---|---|
| 005 | 20250508163441.0 | ||
| 008 | 008 250505s9999 xx 000 0 eng d | ||
| 037 | _aPeriodicals | ||
| 040 |
_aFEDL _beng _cFEDL |
||
| 041 |
_aeng _2eng |
||
| 084 | _qFEDL | ||
| 245 | 0 | _aCentre of advanced study in education : A profile (1964-1989) | |
| 260 |
_aBaroda, India _bCentre of Advanced Study in Education _c1990 |
||
| 300 | _a156p. | ||
| 942 | _cCR | ||
| 999 |
_c1383328 _d1383328 |
||